| 000 | 00817nam a2200205 a 4500 | ||
|---|---|---|---|
| 003 | 0 | ||
| 005 | 20250224082508.0 | ||
| 008 | 111114s19uu xx 00 eng d | ||
| 050 |
_aPGS S 197.5 _b.J61 2011 |
||
| 100 | _aJimenez, Alyssa Marie P. | ||
| 245 |
_aThe effect of lemon grass (Cymbopogon citratus) extract on the growth of corn ear and kernel rot-causing fungi / _cAlyssa Marie P. Jimenez. |
||
| 260 |
_aLas PiƱas City, Philippines : _bSouthville International School and Colleges, _c2011. |
||
| 300 |
_a15 pages : _billustrations ; _c28 cm. |
||
| 504 | _aIncludes bibliographical references. | ||
| 650 | _aLemon grass (Cymbopogon citratus). | ||
| 650 |
_aLemon grass _vAntifungal activity. |
||
| 650 |
_aMaize _vFungal diseases. |
||
| 650 |
_aPlant extracts _vAntifungal activity. |
||
| 942 |
_2lcc _cPASS |
||
| 999 |
_c98628 _d98628 |
||